00846cam a2200289 a 450000100090000000300040000900500170001300800410003001000170007102000180008802000150010602000150012103500230013604000390015904100130019804300120021105000280022308200200025110000240027124000180029524500560031326000380036930000210040750000790042865100210050770000280052813658441OSt20250407123340.0040513s2004 enk 000 1 eng  a 2004426790 a9780571218318 a0571220657 a057121830X a(OCoLC)ocm55131218 aIEKBAdIEKBAdGZMdOCLCQcDLCdDLC1 aenghtur aa-tu---00aPL248.P34bK36513 2004a a894.3533bPAM/S aPamuk, Orhand1952-10aKar.lEnglish10aSnow /cOrhan Pamuk ; translated by Maureen Freely. aLondon :bFaber and Faber,c2004. a436 p. ;c24 cm. aOriginally published in Turkey as Kar by İletişim in Istanbul in 2002. 0aTurkeyvFiction.1 aFreely, Maureen,d1952-